Леонардо да Винчи. Микеланджело. Рафаэль. Рембрандт; Леонардо да Винчи; Микеланджело; Рафаэль; Рембрант

ग्रंथसूची विवरण
भाषा:रूसी
प्रकाशित: СПб., Редактор, 1998
TOC:Леонардо да Винчи;
Микеланджело;
Рафаэль;
Рембрант;
श्रृंखला:ЖЗЛ; Биографическая библиотека Ф. Павленкова
विषय:
स्वरूप: पुस्तक
KOHA link:https://koha.lib.tpu.ru/cgi-bin/koha/opac-detail.pl?biblionumber=10920

MARC

LEADER 00000nam0a2200000 4500
001 10920
005 20231101204738.0
010 |a 5705802382 
035 |a (RuTPU)RU\TPU\book\10988 
035 |a BOOK00011054 
090 |a 10920 
100 |a 20011209d1998 m y0rusy50 ca 
101 0 |a rus 
102 |a RU 
105 |a a z 000ad 
200 1 |a Леонардо да Винчи. Микеланджело. Рафаэль. Рембрандт 
210 |a СПб.  |c Редактор  |c Глория  |c Кристалл  |d 1998 
215 |a 384 с.  |c ил 
225 1 |a ЖЗЛ; Биографическая библиотека Ф. Павленкова 
464 |t Леонардо да Винчи 
464 |t Микеланджело 
464 |t Рафаэль 
464 |t Рембрант  |a Калинина, Анна Николаевна 
600 0 |a Леонардо да Винчи  |c итальянский живописец  |c скульптор  |f 1452-1519  |2 stltpush  |3 (RuTPU)RU\TPU\pers\8521 
600 1 |a Рембрандт  |b Х. Р.  |c голландский живописец  |f 1606-1669  |g Харменс ван Рейн  |2 stltpush  |3 (RuTPU)RU\TPU\pers\10065  |9 2157 
600 0 |a Рафаэль Санти  |c итальянский живописец  |c архитектор  |f 1483 - 1520  |2 stltpui  |3 (RuTPU)RU\TPU\pers\502  |9 240 
600 0 |a Микеланджело Буонарроти  |c итальянский скульптор  |c живописец  |c архитектор  |c поэт  |f 1475 - 1564  |2 stltpui  |3 (RuTPU)RU\TPU\pers\1034  |9 457 
606 1 |a Живописцы  |2 stltpush  |3 (RuTPU)RU\TPU\subj\10834  |9 37852 
610 1 |a живопись 
610 1 |a история 
610 1 |a персоналии 
675 |a 75.071(092)  |v 3 
801 0 |a RU  |b 63413507  |c 20011209  |g PSBO 
801 2 |a RU  |b 63413507  |c 20140923  |g PSBO 
942 |c BK